| 000 | 00896cam a2200289 a 4500 | ||
|---|---|---|---|
| 999 |
_c739 _d739 |
||
| 001 | 005465597 | ||
| 003 | OSt | ||
| 005 | 20191205162423.0 | ||
| 008 | 141218t20132011paua 000 1 eng|d | ||
| 020 |
_a9781594746031 _q(pbk.) : |
||
| 040 |
_aNCNU _beng _cNCNU _dNCNU _eAACR2 |
||
| 042 | _anbic | ||
| 082 | _aFIC RIG | ||
| 100 | 1 |
_aRiggs, Ransom. _eauthor |
|
| 245 | 1 | 0 |
_aMiss Peregrine's home for peculiar children / _cby Ransom Riggs. |
| 260 |
_aPhiladelphia, Pa. : _bQuirk, _c2013, c2011. |
||
| 300 |
_a382 p. : _bill. ; _c21 cm. |
||
| 490 |
_aMiss Peregrine's Peculiar Children ; _v1 |
||
| 650 | 0 |
_aOrphanages _vJuvenile fiction. |
|
| 650 | 0 |
_aIslands _xJuvenile fiction. |
|
| 650 | 0 |
_aTeenage boys _xJuvenile fiction. |
|
| 650 | 0 |
_aOrphanages _vFiction. |
|
| 650 | 0 |
_aIslands _xFiction. |
|
| 650 | 0 | _aMystery and detective stories. | |
| 650 | 0 |
_aWales _xJuvenile fiction. |
|
| 942 |
_2ddc _cFIC |
||